Black holes / (Record no. 29864)
[ view plain ]
| 000 -LEADER | |
|---|---|
| fixed length control field | 00901 a2200205 4500 |
| 020 ## - INTERNATIONAL STANDARD BOOK NUMBER | |
| International Standard Book Number | 0521863473 |
| 020 ## - INTERNATIONAL STANDARD BOOK NUMBER | |
| International Standard Book Number | 9780521863476 |
| 082 ## - DEWEY DECIMAL CLASSIFICATION NUMBER | |
| Classification number | 523.8875 |
| 090 ## - LOCALLY ASSIGNED LC-TYPE CALL NUMBER (OCLC); LOCAL CALL NUMBER (RLIN) | |
| -- | 1251 |
| -- | 1251 |
| 100 ## - MAIN ENTRY--PERSONAL NAME | |
| Personal name | Karas, Vladimir. |
| 245 10 - TITLE STATEMENT | |
| Title | Black holes / |
| Statement of responsibility, etc. | Vladimir Karas, Giorgio Matt. |
| 260 ## - PUBLICATION, DISTRIBUTION, ETC. | |
| Place of publication, distribution, etc. | [S.l.] : |
| Name of publisher, distributor, etc. | Cambridge University Press, |
| Date of publication, distribution, etc. | 2007. |
| 300 ## - PHYSICAL DESCRIPTION | |
| Extent | 504 p. ; |
| Dimensions | 25 cm. |
| 490 1# - SERIES STATEMENT | |
| Series statement | Iau S238): from stars to galaxies - across the range of masses (proceedings of the international astronomical union symposia and colloquia. |
| 700 1# - ADDED ENTRY--PERSONAL NAME | |
| Personal name | Karas, Vladimir. |
| 700 1# - ADDED ENTRY--PERSONAL NAME | |
| Personal name | Matt, Giorgio. |
| 830 #0 - SERIES ADDED ENTRY--UNIFORM TITLE | |
| Uniform title | Iau S238): from stars to galaxies - across the range of masses (proceedings of the international astronomical union symposia and colloquia. |
| 942 ## - ADDED ENTRY ELEMENTS (KOHA) | |
| Institution code [OBSOLETE] | SNS |
| Koha item type | Book |
| Call number prefix | 523.8875 KAR |
| Withdrawn status | Lost status | Damaged status | Not for loan | Permanent Location | Current Location | Date acquired | Total Checkouts | Full call number | Barcode | Date last seen | Price effective from | Koha item type |
|---|---|---|---|---|---|---|---|---|---|---|---|---|
| School of Natural Sciences (SNS) | School of Natural Sciences (SNS) | 05/26/2016 | 523.8875 KAR | SNS0001422 | 05/26/2016 | 05/26/2016 | Book |
